For victory in peaceful competition with capitalism: (Record no. 13263)

MARC details
000 -LEADER
fixed length control field 01191cam a22002771 4500
001 - CONTROL NUMBER
control field 7020475
005 - DATE AND TIME OF LATEST TRANSACTION
control field 20050812181758.0
008 - FIXED-LENGTH DATA ELEMENTS--GENERAL INFORMATION
fixed length control field 720310s1960 nyu | 00| 0 eng
010 ## - LIBRARY OF CONGRESS CONTROL NUMBER
LC control number 60006004
035 ## - SYSTEM CONTROL NUMBER
System control number (OCoLC)261194
040 ## - CATALOGING SOURCE
Original cataloging agency DLC
Transcribing agency OYU
Modifying agency OCoLC
-- DLC
042 ## - AUTHENTICATION CODE
Authentication code premarc
050 00 - LIBRARY OF CONGRESS CALL NUMBER
Classification number DK274
Item number .K483
082 ## - DEWEY DECIMAL CLASSIFICATION NUMBER
Classification number 327.47
Edition number 20
Item number KHR
100 1# - MAIN ENTRY--PERSONAL NAME
Personal name Khrushchev, Nikita Sergeevich,
Dates associated with a name 1894-1971.
9 (RLIN) 10896
245 10 - TITLE STATEMENT
Title For victory in peaceful competition with capitalism:
Remainder of title With a special introduction written for the American ed. /
Statement of responsibility, etc Nikita S. Khrushchev.
260 ## - PUBLICATION, DISTRIBUTION, ETC. (IMPRINT)
Place of publication, distribution, etc New York:
Name of publisher, distributor, etc Dutton,
Date of publication, distribution, etc c.1960.
300 ## - PHYSICAL DESCRIPTION
Extent xxxi, 784 p.
Dimensions 21 cm.
500 ## - GENERAL NOTE
General note "A collection of speeches and statements made in the course of 1958 on various questions relating to the international situation and foreign policy of the Soviet Union."
500 ## - GENERAL NOTE
General note Donations.
500 ## - GENERAL NOTE
General note Donated By: Alaa Abdel Ghaney.
650 ## - SUBJECT ADDED ENTRY--TOPICAL TERM
9 (RLIN) 10895
Topical term or geographic name as entry element Soviet Union --Relations --Foreign countries.
651 #0 - SUBJECT ADDED ENTRY--GEOGRAPHIC NAME
Geographic name Soviet Union
General subdivision Relations
Geographic subdivision Foreign countries.
9 (RLIN) 10897
942 ## - ADDED ENTRY ELEMENTS (KOHA)
Source of classification or shelving scheme Dewey Decimal Classification
Item type Book - Borrowing
Holdings
Withdrawn status Item status Source of classification or shelving scheme Damaged status Not for loan Vendor Home library Current library Shelving location Date acquired Source of acquisition Total Checkouts Full call number Barcode Date last seen Koha item type
    Dewey Decimal Classification       Central Library Central Library First floor 03/02/2010     327.47 KHR 000019555 15/07/2025 Book - Borrowing